| 000 | 00769nam a2200265Ia 4500 | ||
|---|---|---|---|
| 003 | OSt | ||
| 005 | 20221005045709.0 | ||
| 006 | a|||||r|||| 00| 0 | ||
| 007 | ta | ||
| 008 | 221004b |||||||| |||| 00| 0 ben d | ||
| 020 | _cIndian Rupees 2.50 | ||
| 024 | _a39153 | ||
| 037 |
_bGift, 07/09/2018, _cTextual |
||
| 040 |
_aCRL _cCRL _bben |
||
| 041 |
_2ben _aben |
||
| 082 | _aO157,3M98x, L0 | ||
| 100 |
_aMukhopadhyay Shri Birutibhujhan Au. _9593924 |
||
| 245 | 0 | _aRail bang | |
| 260 |
_aKolkata _bGyan Bharti India _c1970 |
||
| 300 |
_a145p. _ccm. |
||
| 650 | _a BENGALI LITERATURE | ||
| 650 | _aBENGALI FICTION | ||
| 942 |
_hO157,3M98x, L0 _cTEXL _2cc |
||
| 999 |
_c955566 _d955566 |
||